| 000 | 00727cam a2200253 4500 | ||
|---|---|---|---|
| 008 | 090401t1986 xxu||||| |||| 00| 0 eng d | ||
| 020 | _a0854063072 | ||
| 035 | _a(Sirsi) u42432 | ||
| 041 | _aeng | ||
| 050 | _a690.241 | ||
| 090 | _aRICS 1986/20 ABC | ||
| 100 | _aMiles, C.W.N. | ||
| 245 | _aRunning an open house: a guide to the public opening of houses | ||
| 260 |
_aLondon _bSurveyors Publications _c1986 |
||
| 300 | _a36p. ; 21cm. | ||
| 350 | _a5.95 | ||
| 520 | _aPublished on behalf of the Royal Institution of Chartered Surveyors . | ||
| 650 | _aHERITAGE PROPERTY | ||
| 650 | _aHISTORIC BUILDINGS | ||
| 650 | _aHOUSES OPEN TO THE PUBLIC | ||
| 650 | _aSTATELY HOMES | ||
| 942 | _n0 | ||
| 948 | _c04/03/1997 | ||
| 999 |
_c91114 _d91114 |
||